Statistics for 100 digits of pi quiz

Click here to take the quiz!

General Stats

  • This quiz has been taken 156 times
  • The average score is 6 of 15

Answer Stats

HintAnswer% Correct
ab314159
100%
cd2653589
86%
ef7932384
77%
gh6264338
72%
ij3279502
59%
kl8841971
52%
mn6939937
41%
op5105820
34%
qr9749445
29%
st9230781
23%
uv6406286
17%
wx2089986
14%
y2803482
11%
and5342117
10%
z0679
8%

Score Distribution

Percentile by Number Answered

Percent of People with Each Score

Your Score History

You have not taken this quiz